Welcome to WEB OPAC of MRSPTU Central Library

Linux Administration : A beginner's guide (Record no. 6396)

MARC details
000 -LEADER
fixed length control field 00454nam a2200169Ia 4500
008 - FIXED-LENGTH DATA ELEMENTS--GENERAL INFORMATION
fixed length control field 230711s9999||||xx |||||||||||||| ||und||
020 ## - INTERNATIONAL STANDARD BOOK NUMBER
International Standard Book Number 978-1-25-906118-9
041 ## - LANGUAGE CODE
Language code of text/sound track or separate title ENG
082 ## - DEWEY DECIMAL CLASSIFICATION NUMBER
Classification number 5.43
Item number SO-L
100 ## - MAIN ENTRY--PERSONAL NAME
Personal name Soyinka,Wale
245 #0 - TITLE STATEMENT
Title Linux Administration : A beginner's guide
250 ## - EDITION STATEMENT
Edition statement 6th Ed.
260 ## - PUBLICATION, DISTRIBUTION, ETC.
Date of publication, distribution, etc. 2012
Place of publication, distribution, etc. New Delhi
Name of publisher, distributor, etc. McGraw Hill Education(India) Private Limited
300 ## - PHYSICAL DESCRIPTION
Extent 703p.
650 ## - SUBJECT ADDED ENTRY--TOPICAL TERM
Topical term or geographic name entry element Computer Engineering
942 ## - ADDED ENTRY ELEMENTS (KOHA)
Koha item type Book
Holdings
Withdrawn status Lost status Damaged status Not for loan Collection Home library Current library Date acquired Source of acquisition Cost, normal purchase price Inventory number Total checkouts Full call number Barcode Date last seen Price effective from Koha item type Date last checked out
          MRSPTU Central Library MRSPTU Central Library   Krishna Book Distributors 785.00 KBD/2016-2017/960842808   5.43 SO-L 37520 08/17/2023 08/17/2023 Book  
          MRSPTU Central Library MRSPTU Central Library   Krishna Book Distributors 785.00 KBD/2016-2017/960842808   5.43 SO-L 37521 08/17/2023 08/17/2023 Book  
          MRSPTU Central Library MRSPTU Central Library   Krishna Book Distributors 785.00 KBD/2016-2017/960842808   5.43 SO-L 37522 03/07/2024 08/17/2023 Book  
          MRSPTU Central Library MRSPTU Central Library   Krishna Book Distributors 785.00 KBD/2016-2017/960842808 1 5.43 SO-L 37523 04/04/2025 08/17/2023 Book 03/22/2025
          MRSPTU Central Library MRSPTU Central Library   Krishna Book Distributors 785.00 KBD/2016-2017/960842808   5.43 SO-L 37524 03/07/2024 08/17/2023 Book  

Website Designed and Developed by MRSPTU Central Library Team

E-mail Id: librarian@mrsptu.ac.in